Internet technology with HTML/. (Record no. 21679)
[ view plain ]
| 000 -LEADER | |
|---|---|
| fixed length control field | 00590nam a2200217 a 4500 |
| 005 - DATE AND TIME OF LATEST TRANSACTION | |
| control field | 20140310183336.0 |
| 008 - FIXED-LENGTH DATA ELEMENTS--GENERAL INFORMATION | |
| fixed length control field | 061004s19uu xx 00 eng d |
| 050 ## - LIBRARY OF CONGRESS CALL NUMBER | |
| Classification number | HD 45.2 |
| Item number | .C932 2004 |
| 100 ## - MAIN ENTRY--PERSONAL NAME | |
| Personal name | Crisostomo, Conchita Camba |
| 245 ## - TITLE STATEMENT | |
| Title | Internet technology with HTML/. |
| Statement of responsibility, etc | Conchita C. Crisostomo |
| 260 ## - PUBLICATION, DISTRIBUTION, ETC. (IMPRINT) | |
| Place of publication, distribution, etc | Las Pi�as City, Philippines : |
| Name of publisher, distributor, etc | 3K-IT Educational Services, |
| Date of publication, distribution, etc | 2004. |
| 300 ## - PHYSICAL DESCRIPTION | |
| Extent | 181 p. : |
| Dimensions | 23 cm. |
| 521 ## - TARGET AUDIENCE NOTE | |
| Target audience note | |
| 650 ## - SUBJECT ADDED ENTRY--TOPICAL TERM | |
| Topical term or geographic name as entry element | Internet. |
| 942 ## - ADDED ENTRY ELEMENTS (KOHA) | |
| Koha item type | Books |
| Source of classification or shelving scheme | Library of Congress Classification |
| Call number prefix | Local |
| Withdrawn status | Lost status | Source of classification or shelving scheme | Damaged status | Home library | Current library | Shelving location | Date acquired | Source of acquisition | Total Checkouts | Full call number | Barcode | Date last seen | Copy number | Price effective from | Koha item type |
|---|---|---|---|---|---|---|---|---|---|---|---|---|---|---|---|
| Library of Congress Classification | Archives | Archives | 11/29/2013 | Donation | HD 45.2 .C932 2004 | C7665 | 05/15/2018 | 2 | 11/29/2013 | Books | |||||
| Library of Congress Classification | Archives | Archives | 11/29/2013 | Donation | HD 45.2 .C932 2004 | C7662 | 05/15/2018 | 4 | 11/29/2013 | Books | |||||
| Library of Congress Classification | Archives | Archives | 11/29/2013 | Donation | HD 45.2 .C932 2004 | C7666 | 05/15/2018 | 5 | 11/29/2013 | Books | |||||
| Library of Congress Classification | College Library | College Library | General Circulation Section | 10/17/2006 | HD 45.2 .C932 2004 | C7664 | 05/15/2018 | 1 | 10/10/2013 | Books | |||||
| Library of Congress Classification | College Library | College Library | General Circulation Section | 11/29/2013 | HD 45.2 .C932 2004 | C7663 | 05/15/2018 | 2 | 11/29/2013 | Books |